Química general : manual de laboratorio

Bibliographic Details
Main Author: Universidad Nacional Autónoma de Honduras
Format: Section = Libro
Language:Undetermined
Spanish
Published: [s.l] [s.e] [s.f.]
Edition:2a.ed.
Subjects:
LEADER 00467nam a2200181Ia 4500
008 240829s9999 xx 000 0 und d
040 |a BIBLIOTECA-RUSB/ 540 Q6 
041 |a spa 
082 |a 540 Q6 
100 1 |a Universidad Nacional Autónoma de Honduras 
245 1 0 |a Química general : manual de laboratorio 
250 |a 2a.ed. 
260 |a [s.l]  |b [s.e]  |c [s.f.] 
300 |a 177 p. :il. 
650 7 |a QUIMICA GENERAL 
942 |c BK  |2 ddc 
991 |a TEXTO 
999 |c 2308